UBT Library

Games people play : (Record no. 96)

000 -LEADER
fixed length control field 00693cam a2200229 i 4500
005 - DATE AND TIME OF LATEST TRANSACTION
control field 20131010091753.0
008 - FIXED-LENGTH DATA ELEMENTS--GENERAL INFORMATION
fixed length control field 780109t19671964nyua b 001 0 eng d
020 ## - INTERNATIONAL STANDARD BOOK NUMBER
International Standard Book Number 0345410033
041 0# - LANGUAGE CODE
Language code of text/sound track or separate title eng
080 ## - UNIVERSAL DECIMAL CLASSIFICATION NUMBER
Universal Decimal Classification number 159.923
100 1# - Rafti
Rafti Berne, Eric.
245 10 - TITLE STATEMENT
Title Games people play :
Statement of responsibility, etc by Eric Berne..
260 ## -
-- New York :
-- Grove Press
-- 1967, c1964.
300 ## -
-- 196 p. :
-- ill. ;
-- 21 cm.
490 1# -
-- Ballantine books
500 ## -
-- Preface f. : [XI] - [XII]
504 ## - BIBLIOGRAPHY, ETC. NOTE
Bibliography, etc Includes bibliographical references and indexes.
650 #0 -
-- Psikologjia
650 #0 -
-- Sociologjia
830 #0 -
-- Evergreen black cat book ;
-- B-186.
942 ## - ADDED ENTRY ELEMENTS (KOHA)
Source of classification or shelving scheme
Item type Books
Holdings
Withdrawn status Lost status Source of classification or shelving scheme Damaged status Not for loan Collection code Permanent location Current location Shelving location Date acquired Total Checkouts Full call number Barcode Date last seen Price effective from Koha item type
          Koleksioni i përgjithshem UBT - Prishtine UBT - Prishtine Koleksioni i përgjithshem 10/10/2013   159.923 BER 001-000101 10/10/2013 10/10/2013 Books
UBT Library © 2015-2024. All rights reserved University Education for Business and Technology